MARC

LEADER 00000nlm0a2200000 4500
001 648479
005 20240215103730.0
029 1 0 |a RU  |b 2337894  |c Пат.  |d МПК C 04 B 35/488 
035 |a (RuTPU)RU\TPU\network\13636 
035 |a RU\TPU\network\13605 
039 0 |a RU  |b 2007112537/03  |c 20070404 
090 |a 648479 
100 |a 20160520j20081110k y0rusy50 ca 
101 0 |a rus 
102 |a RU 
105 |a a k 000zy 
135 |a drmn ---uucaa 
181 0 |a i  
182 0 |a b 
200 1 |a Cпособ повышения износостойкости поверхности изделий из керамики на основе диоксида циркония  |f С. А. Гынгазов [и др.]  |g Национальный исследовательский Томский политехнический университет (ТПУ) 
203 |a Текст  |c электронный 
300 |a опубл. 10.11.08 
610 1 |a патенты 
610 1 |a труды учёных ТПУ 
610 1 |a электронный ресурс 
701 1 |a Гынгазов  |b С. А.  |c специалист в области электроники  |c профессор Томского политехнического университета, доктор технических наук  |f 1958-  |g Сергей Анатольевич  |3 (RuTPU)RU\TPU\pers\26531  |9 12225 
701 1 |a Суржиков  |b А. П.  |c физик  |c профессор Томского политехнического университета, доктор физико-математических наук  |f 1951-  |g Анатолий Петрович  |3 (RuTPU)RU\TPU\pers\22010  |9 9307 
701 1 |a Франгульян  |b Т. С.  |c специалист в области электроники, диэлектриков и полупроводников  |c ведущий научный сотрудник Томского политехнического университета, кандидат физико-математических наук  |f 1940-  |g Тамара Семёновна  |3 (RuTPU)RU\TPU\pers\26534 
701 1 |a Гончаренко  |b И. М.  |c специалист в области машиностроения  |c доцент Томского политехнического университета, кандидат технических наук  |f 1960-  |g Игорь Михайлович  |3 (RuTPU)RU\TPU\pers\30162 
701 1 |a Коваль  |b Н. Н.  |c специалист в области электроники  |c профессор Томского политехнического университета, доктор технических наук  |f 1948-  |g Николай Николаевич  |3 (RuTPU)RU\TPU\pers\31831 
701 1 |a Девятков  |b В. Н.  |g Владимир Николаевич 
701 1 |a Григорьев  |b С. В.  |g Сергей Владимирович 
712 0 2 |a Национальный исследовательский Томский политехнический университет (ТПУ)  |c (2009- )  |3 (RuTPU)RU\TPU\col\15902 
801 1 |a RU  |b 63413507  |c 20120201 
801 2 |a RU  |b 63413507  |c 20160614  |g RCR 
856 4 |u http://www.fips.ru/Archive/PAT/2008FULL/2008.11.10/DOC/RUNWC1/000/000/002/337/894/document.pdf 
942 |c CF